[Event "Niedersachsen-ch"]
[Site "Verden"]
[Date "2010.01.02"]
[Round "1.1"]
[White "Lubbe, Nikolas"]
[Black "Markgraf, Stefan"]
[Result "1-0"]
[WhiteElo "2349"]
[BlackElo "2128"]
[PlyCount "89"]
[EventDate "2010.01.??"]
[EventType "swiss"]
[EventRounds "9"]
[EventCountry "GER"]
[SourceDate "2005.10.24"]

1. e4 e5 2. Bc4 Nc6 3. d3 Bc5 4. Nc3 Na5 5. Nge2 Nxc4 6. dxc4 d6 7. O-O Be6 8.
Qd3 Ne7 9. Ng3 Qd7 10. Kh1 O-O 11. Be3 Rad8 12. Rad1 Bxe3 13. fxe3 f5 14. exf5
Bxf5 15. Nxf5 Rxf5 16. Rxf5 Qxf5 17. e4 Qf2 18. Rf1 Qc5 19. Qf3 Qxc4 20. Nd5
Ng6 21. Qf7+ Kh8 22. Nxc7 Qc6 23. Ne6 Rg8 24. Ng5 Rc8 25. h4 Qe8 26. Qb3 h6 27.
Nf7+ Kh7 28. Nxd6 Qd7 29. Nxc8 Qxc8 30. g3 Qc6 31. Qd3 Qe6 32. b3 Ne7 33. Kh2
Ng8 34. Qd5 Qa6 35. Qd3 Qxa2 36. Qc4 Qa5 37. Rf8 Ne7 38. Qf7 Qd2+ 39. Kh3 Qd7+
40. Kh2 Qd2+ 41. Qf2 Qb4 42. Rf7 Qd6 43. Qxa7 Kg8 44. Rf2 Qc6 45. Qb8+ 1-0

[Event "Niedersachsen-ch"]
[Site "Verden"]
[Date "2010.01.02"]
[Round "1.2"]
[White "Dan, Efim"]
[Black "Plischki, Sebastian"]
[Result "0-1"]
[WhiteElo "2122"]
[BlackElo "2347"]
[PlyCount "64"]
[EventDate "2010.01.??"]
[EventType "swiss"]
[EventRounds "9"]
[EventCountry "GER"]
[SourceDate "2005.10.24"]

1. c4 c5 2. Nf3 g6 3. d4 cxd4 4. Nxd4 Nc6 5. e4 Nf6 6. Nc3 d6 7. f3 Nxd4 8.
Qxd4 Bg7 9. Be3 O-O 10. Qd2 a5 11. Be2 a4 12. Rc1 Qa5 13. O-O Be6 14. Nd5 Qxd2
15. Nxe7+ Kh8 16. Bxd2 Rfe8 17. Nd5 Nxd5 18. cxd5 Bxd5 19. Bb5 Re5 20. Bc3 Bxa2
21. Bxe5 Bxe5 22. Rc2 Bb3 23. Rd2 Ra5 24. Bd3 b5 25. Rc1 Be6 26. Rc6 b4 27. Bc4
Rc5 28. Bd5 Rxc6 29. Bxc6 a3 30. bxa3 bxa3 31. Bd5 Bxd5 32. exd5 Bb2 0-1

[Event "Niedersachsen-ch"]
[Site "Verden"]
[Date "2010.01.02"]
[Round "1.3"]
[White "Mueller, Fabian"]
[Black "Mueer, Sebastian"]
[Result "0-1"]
[WhiteElo "2331"]
[BlackElo "2084"]
[PlyCount "76"]
[EventDate "2010.01.??"]
[EventType "swiss"]
[EventRounds "9"]
[EventCountry "GER"]
[SourceDate "2005.10.24"]

1. d4 Nf6 2. c4 c5 3. d5 e6 4. Nc3 exd5 5. cxd5 d6 6. Nf3 g6 7. Bg5 Bg7 8. Nd2
O-O 9. e3 h6 10. Bh4 Qe7 11. Be2 Na6 12. Nc4 Nc7 13. a4 b6 14. O-O Ba6 15. b3
Rfd8 16. Rc1 Rab8 17. Re1 Qd7 18. e4 Bxc4 19. bxc4 Re8 20. Bd3 Na6 21. h3 Nb4
22. Bb1 Nh5 23. Qg4 Qxg4 24. hxg4 Nf4 25. Re3 Bd4 26. Rf3 Bxc3 27. Rfxc3 Ne2+
28. Kf1 Nxc1 29. Rxc1 a6 30. Bg3 Rbd8 31. Ke2 b5 32. axb5 axb5 33. cxb5 Nxd5
34. Kf3 Nb6 35. e5 dxe5 36. Rxc5 Rd5 37. Rxd5 Nxd5 38. Ba2 e4+ 0-1

[Event "Niedersachsen-ch"]
[Site "Verden"]
[Date "2010.01.02"]
[Round "1.4"]
[White "Woellermann, Jan"]
[Black "Laubsch, Bernd"]
[Result "0-1"]
[WhiteElo "2080"]
[BlackElo "2299"]
[PlyCount "80"]
[EventDate "2010.01.??"]
[EventType "swiss"]
[EventRounds "9"]
[EventCountry "GER"]
[SourceDate "2005.10.24"]

1. d4 Nf6 2. c4 g6 3. g3 d5 4. cxd5 Nxd5 5. Bg2 Bg7 6. Nf3 Nb6 7. e4 Bg4 8. d5
c6 9. h3 Bc8 10. Nc3 O-O 11. O-O Bxc3 12. bxc3 cxd5 13. exd5 Qxd5 14. Nd4 Qc4
15. Bh6 Re8 16. Qd2 Nc6 17. f4 Be6 18. f5 Bd5 19. Rf4 Nxd4 20. cxd4 Bxg2 21.
Kxg2 Nd5 22. Rf3 Rac8 23. Rb1 b6 24. Rb2 Rc6 25. h4 Nf6 26. Qe3 Ng4 27. Qf4
Nxh6 28. Qxh6 Qxd4 29. Rbf2 Qe4 30. h5 gxf5 31. Qg5+ Kh8 32. Kh2 Rg8 33. Qxf5
Qxf5 34. Rxf5 f6 35. Re2 Rc7 36. Kh3 Kg7 37. Rf3 Kf7 38. g4 Rg5 39. Ra3 h6 40.
Re4 Rgc5 0-1

[Event "Niedersachsen-ch"]
[Site "Verden"]
[Date "2010.01.02"]
[Round "1.5"]
[White "Heinemann, Ernst"]
[Black "Edel, Thomas"]
[Result "1/2-1/2"]
[WhiteElo "2199"]
[BlackElo "2074"]
[PlyCount "56"]
[EventDate "2010.01.??"]
[EventType "swiss"]
[EventRounds "9"]
[EventCountry "GER"]
[SourceDate "2005.10.24"]

1. e4 c6 2. d4 d5 3. e5 c5 4. c4 Nc6 5. dxc5 e6 6. cxd5 exd5 7. Nf3 Bxc5 8. Be2
Bb4+ 9. Bd2 Bxd2+ 10. Qxd2 Nge7 11. Nc3 O-O 12. Rd1 Be6 13. O-O Qa5 14. Nb5
Qxd2 15. Rxd2 Rad8 16. Nbd4 Bg4 17. Rfd1 Ng6 18. h3 Nxd4 19. Rxd4 Be6 20. Bd3
Ne7 21. Ng5 h6 22. Nxe6 fxe6 23. Ra4 a6 24. Rb4 b5 25. Rg4 Nc6 26. f4 Ne7 27.
a4 bxa4 28. Bxa6 Rb8 1/2-1/2

[Event "Niedersachsen-ch"]
[Site "Verden"]
[Date "2010.01.02"]
[Round "1.6"]
[White "Lick, Patrick"]
[Black "Tonndorf, Matthias"]
[Result "1-0"]
[WhiteElo "2038"]
[BlackElo "2199"]
[PlyCount "93"]
[EventDate "2010.01.??"]
[EventType "swiss"]
[EventRounds "9"]
[EventCountry "GER"]
[SourceDate "2005.10.24"]

1. e4 c5 2. Nf3 e6 3. Nc3 a6 4. d3 b5 5. Be2 Bb7 6. O-O d6 7. Ng5 h6 8. Nh3 Nf6
9. f4 Nc6 10. f5 e5 11. Nd5 Nxd5 12. exd5 Nd4 13. c3 Nxe2+ 14. Qxe2 Bxd5 15.
Nf4 Bc6 16. d4 Qc7 17. Nh5 O-O-O 18. a4 exd4 19. cxd4 Kb7 20. Bd2 bxa4 21. Rfc1
g6 22. fxg6 fxg6 23. Nf4 Bg7 24. Ne6 Rde8 25. d5 Bxd5 26. Qxa6+ Kxa6 27. Nxc7+
Kb7 28. Nxd5 Bd4+ 29. Kh1 Re2 30. Bc3 Rhe8 31. h3 Bxc3 32. bxc3 Rd2 33. c4 Ree2
34. Rcb1+ Rb2 35. Rxb2+ Rxb2 36. Rxa4 Kc6 37. Ra7 Rb7 38. Rxb7 Kxb7 39. Kg1 Ka6
40. Kf2 Ka5 41. Ke3 Ka4 42. Ke4 Kb3 43. Kd3 g5 44. g4 Kb2 45. Ne3 Kb3 46. Ke4
Kc3 47. Kd5 1-0

[Event "Niedersachsen-ch"]
[Site "Verden"]
[Date "2010.01.02"]
[Round "1.7"]
[White "Prenzler, Daniel"]
[Black "Neumair, Jerome"]
[Result "1/2-1/2"]
[WhiteElo "2190"]
[BlackElo "2013"]
[PlyCount "80"]
[EventDate "2010.01.??"]
[EventType "swiss"]
[EventRounds "9"]
[EventCountry "GER"]
[SourceDate "2005.10.24"]

1. Nf3 e6 2. d3 d5 3. Nbd2 Nf6 4. e4 dxe4 5. dxe4 Bc5 6. Bd3 Nc6 7. O-O e5 8.
Qe2 O-O 9. c3 a5 10. Nc4 Qe7 11. Bg5 Rd8 12. Ne3 Bxe3 13. fxe3 Rd6 14. Bc4 Bg4
15. Qf2 h6 16. Bh4 Rad8 17. Qg3 Bh5 18. Bd5 Kh8 19. Bxf6 Rxf6 20. Bxc6 Bxf3 21.
Bxb7 Be2 22. Rxf6 Qxf6 23. Bd5 c6 24. Qf2 cxd5 25. Qxe2 dxe4 26. Rd1 Rxd1+ 27.
Qxd1 Qb6 28. Qd2 f5 29. Qf2 f4 30. exf4 e3 31. Qe2 exf4 32. h4 Qd8 33. h5 Qd2
34. Qb5 Qd1+ 35. Kh2 Qc2 36. Qb8+ Kh7 37. Qxf4 e2 38. Qe5 Qd2 39. Qe4+ Kg8 40.
Qe8+ Kh7 1/2-1/2

[Event "Niedersachsen-ch"]
[Site "Verden"]
[Date "2010.01.02"]
[Round "1.8"]
[White "Frank, Christian"]
[Black "Hantak, Adam"]
[Result "0-1"]
[WhiteElo "1987"]
[BlackElo "2161"]
[PlyCount "130"]
[EventDate "2010.01.??"]
[EventType "swiss"]
[EventRounds "9"]
[EventCountry "GER"]
[SourceDate "2005.10.24"]

1. d4 d6 2. Nf3 g6 3. c4 Nd7 4. e4 a5 5. Nc3 e5 6. Be2 Bh6 7. c5 Bxc1 8. Rxc1
dxc5 9. dxc5 Ngf6 10. Nb5 O-O 11. Qc2 Ne8 12. O-O Qe7 13. Rfd1 Ndf6 14. Qd3 Ng7
15. c6 b6 16. Qc3 Bg4 17. Qe3 Bxf3 18. Bxf3 Ne6 19. Rd2 Rad8 20. Rcd1 Rxd2 21.
Rxd2 Rd8 22. Kf1 Kg7 23. Rxd8 Nxd8 24. Qc3 h5 25. g3 Ne8 26. Be2 Qf6 27. Na3
Nd6 28. Qc2 Ne6 29. Nc4 Nd4 30. Qd3 Nxc4 31. Qxc4 Qxc6 32. Qxc6 Nxc6 33. Bc4
Nd4 34. a3 c6 35. f4 f6 36. Kf2 b5 37. Ba2 c5 38. Ke3 Kf8 39. Bd5 Ke7 40. Kf2
Ne6 41. Ke3 Nc7 42. Ba2 Ne8 43. Bd5 Nd6 44. Kd3 Kf8 45. Ke3 Kg7 46. Kf3 Kh6 47.
Ke3 h4 48. fxe5 fxe5 49. Be6 hxg3 50. hxg3 Kg5 51. Kd3 Kf6 52. Bd5 Ke7 53. Ke3
Ne8 54. Bc6 Nc7 55. Kd3 Kd6 56. Bb7 Ne6 57. Bd5 Nd4 58. Bf7 g5 59. Bd5 c4+ 60.
Kd2 Kc5 61. Ke3 b4 62. Kd2 Nb5 63. axb4+ axb4 64. Kc2 Kd4 65. Kd2 Nd6 0-1

[Event "Niedersachsen-ch"]
[Site "Verden"]
[Date "2010.01.02"]
[Round "1.9"]
[White "Kaphle, Sebastian"]
[Black "Kuberczyk, Christoph"]
[Result "1/2-1/2"]
[WhiteElo "2152"]
[BlackElo "1923"]
[PlyCount "114"]
[EventDate "2010.01.??"]
[EventType "swiss"]
[EventRounds "9"]
[EventCountry "GER"]
[SourceDate "2005.10.24"]

1. d4 d5 2. c4 c6 3. Nc3 Nf6 4. Nf3 a6 5. e3 b5 6. b3 Bg4 7. Be2 e6 8. O-O Nbd7
9. Bb2 Be7 10. Rc1 Rc8 11. Nd2 Bxe2 12. Qxe2 O-O 13. c5 Qc7 14. f4 b4 15. Nd1
a5 16. Nf2 Qb7 17. e4 dxe4 18. Nfxe4 Nxe4 19. Nxe4 Qc7 20. f5 Rce8 21. fxe6
fxe6 22. Rxf8+ Nxf8 23. Rf1 Ng6 24. Qg4 Qd7 25. g3 Qd5 26. h4 Rf8 27. h5 Rxf1+
28. Kxf1 Nf8 29. Qf3 Nd7 30. Ke2 Nf6 31. Nxf6+ Bxf6 32. Qxd5 exd5 33. Kf3 Kf7
34. Kf4 Ke6 35. g4 h6 36. Kf3 Bg5 37. a3 Kf6 38. axb4 axb4 39. Kf2 g6 40. hxg6
Kxg6 41. Ke2 Bf4 42. Kf2 Bg5 43. Ke2 h5 44. gxh5+ Kxh5 45. Kf3 Kg6 46. Ke2 Kf5
47. Kd3 Bh6 48. Ba1 Bc1 49. Kc2 Ba3 50. Kd3 Kf4 51. Ke2 Bc1 52. Kd3 Kf3 53. Kc2
Bf4 54. Kd3 Kf2 55. Bb2 Ke1 56. Ba1 Kd1 57. Bb2 Bd2 1/2-1/2

[Event "Niedersachsen-ch"]
[Site "Verden"]
[Date "2010.01.02"]
[Round "1.10"]
[White "Helmer, Christoph"]
[Black "Schulz, Jens"]
[Result "0-1"]
[WhiteElo "1897"]
[BlackElo "2131"]
[PlyCount "85"]
[EventDate "2010.01.??"]
[EventType "swiss"]
[EventRounds "9"]
[EventCountry "GER"]
[SourceDate "2005.10.24"]

1. e4 c5 2. Nf3 d6 3. d4 cxd4 4. Nxd4 Nf6 5. Nc3 a6 6. Be3 e6 7. f3 b5 8. a4 b4
9. Na2 Bb7 10. Qd2 e5 11. Nb3 d5 12. exd5 Nxd5 13. Bf2 Qc7 14. Bd3 Nd7 15. O-O
Be7 16. Rfe1 O-O 17. a5 Rad8 18. Re4 Qd6 19. Rae1 f5 20. Rc4 Qg6 21. Bh4 Bxh4
22. Rxh4 Nf4 23. Rxf4 exf4 24. Qxf4 Rde8 25. Rxe8 Qxe8 26. Kf1 Qe6 27. Nxb4 Kh8
28. Bc4 Qe7 29. Nxa6 Re8 30. Qd2 Ne5 31. Be2 Qh4 32. Nac5 Ba8 33. Bb5 Rd8 34.
Nd3 Qxh2 35. Qg5 Qh1+ 36. Kf2 Ng4+ 37. fxg4 Qxg2+ 38. Ke1 Rf8 39. Qe7 Rc8 40.
gxf5 Qg1+ 41. Kd2 Qg2+ 42. Ke1 Qg1+ 43. Kd2 0-1

[Event "Niedersachsen-ch"]
[Site "Verden"]
[Date "2010.01.02"]
[Round "2.1"]
[White "Hantak, Adam"]
[Black "Lubbe, Nikolas"]
[Result "0-1"]
[WhiteElo "2161"]
[BlackElo "2349"]
[PlyCount "76"]
[EventDate "2010.01.??"]
[EventType "swiss"]
[EventRounds "9"]
[EventCountry "GER"]
[SourceDate "2005.10.24"]

1. d4 Nf6 2. Nf3 e6 3. g3 c5 4. Bg2 cxd4 5. Nxd4 Bc5 6. O-O Nc6 7. Nb3 Bb6 8.
Nc3 d5 9. e4 d4 10. Na4 Bc7 11. Nac5 e5 12. f4 O-O 13. f5 b6 14. Nd3 Ba6 15. g4
Nd7 16. g5 f6 17. h4 Bd6 18. Rf3 Rc8 19. Rg3 Nb4 20. g6 h6 21. Qh5 Qe7 22. Nf2
Rxc2 23. Bf3 Rxf2 24. Kxf2 Nd3+ 25. Kg1 Nf4 26. Bxf4 exf4 27. Rg2 Ne5 28. Nd2
d3 29. Bd1 Bc5+ 30. Kh1 Rd8 31. Bb3+ Kf8 32. Bd5 Rxd5 33. exd5 Bb7 34. Qd1 Bxd5
35. Rc1 Qb7 36. b4 Bxg2+ 37. Kh2 Bf2 38. Qg4 Nxg4# 0-1

[Event "Niedersachsen-ch"]
[Site "Verden"]
[Date "2010.01.02"]
[Round "2.2"]
[White "Plischki, Sebastian"]
[Black "Schulz, Jens"]
[Result "1-0"]
[WhiteElo "2347"]
[BlackElo "2131"]
[PlyCount "49"]
[EventDate "2010.01.??"]
[EventType "swiss"]
[EventRounds "9"]
[EventCountry "GER"]
[SourceDate "2005.10.24"]

1. d4 d5 2. c4 e6 3. Nc3 Nf6 4. Bg5 c6 5. e3 Nbd7 6. cxd5 exd5 7. Bd3 Be7 8.
Nge2 O-O 9. Qc2 Re8 10. O-O h6 11. Bh4 Ne4 12. Bxe7 Qxe7 13. Rae1 Nd6 14. Ng3
Qg5 15. e4 dxe4 16. Ngxe4 Nxe4 17. Nxe4 Qd8 18. Nd6 Re7 19. Bc4 Nf6 20. Rxe7
Qxe7 21. Nxf7 Nd5 22. Bxd5 cxd5 23. Ne5 Bd7 24. Rc1 Rc8 25. Qxc8+ 1-0

[Event "Niedersachsen-ch"]
[Site "Verden"]
[Date "2010.01.02"]
[Round "2.3"]
[White "Laubsch, Bernd"]
[Black "Lick, Patrick"]
[Result "1/2-1/2"]
[WhiteElo "2299"]
[BlackElo "2038"]
[PlyCount "88"]
[EventDate "2010.01.??"]
[EventType "swiss"]
[EventRounds "9"]
[EventCountry "GER"]
[SourceDate "2005.10.24"]

1. e4 c5 2. Nf3 d6 3. d4 cxd4 4. Nxd4 Nf6 5. Nc3 Nc6 6. Bg5 e6 7. Qd2 a6 8.
O-O-O h6 9. Bf4 Bd7 10. Nxc6 Bxc6 11. f3 d5 12. Qe1 Bb4 13. a3 Bxc3 14. Qxc3
O-O 15. g4 Rc8 16. Rd2 Nd7 17. e5 Bb5 18. Qe3 Bxf1 19. Rxf1 b5 20. h4 Qa5 21.
Rd4 Nb6 22. Kb1 Nc4 23. Qe1 Qa4 24. Qb4 a5 25. Qxa4 bxa4 26. Ka2 f6 27. exf6 e5
28. Bxe5 Nxe5 29. fxg7 Kxg7 30. Rxd5 Nxf3 31. Rd7+ Kg8 32. c3 Nxh4 33. Rh1 Rb8
34. Rxh4 Rf2 35. Rh1 Rbxb2+ 36. Ka1 Ra2+ 37. Kb1 Rxa3 38. Rxh6 Rb3+ 39. Ka1
Rxc3 40. Rb6 Ra3+ 41. Kb1 Rb3+ 42. Rxb3 axb3 43. Ra7 Ra2 44. g5 a4 1/2-1/2

[Event "Niedersachsen-ch"]
[Site "Verden"]
[Date "2010.01.02"]
[Round "2.4"]
[White "Mueer, Sebastian"]
[Black "Heinemann, Ernst"]
[Result "1-0"]
[WhiteElo "2084"]
[BlackElo "2199"]
[PlyCount "55"]
[EventDate "2010.01.??"]
[EventType "swiss"]
[EventRounds "9"]
[EventCountry "GER"]
[SourceDate "2005.10.24"]

1. Nf3 g6 2. e4 c6 3. d4 Bg7 4. c4 d5 5. cxd5 cxd5 6. e5 Nh6 7. Bb5+ Nc6 8. h3
f6 9. Bf4 Nf7 10. exf6 exf6 11. O-O O-O 12. Nc3 Nd6 13. Ba4 Be6 14. Bb3 Ne8 15.
Qe2 Qd7 16. Qxe6+ Qxe6 17. Bxd5 Qxd5 18. Nxd5 Rd8 19. Nc3 Nxd4 20. Nxd4 Rxd4
21. Be3 Rd3 22. Bxa7 Rd2 23. Rfd1 Rxb2 24. Bc5 Rf7 25. Rd8 Rc7 26. Ba3 Rc2 27.
Nd5 f5 28. Re1 1-0

[Event "Niedersachsen-ch"]
[Site "Verden"]
[Date "2010.01.02"]
[Round "2.5"]
[White "Edel, Thomas"]
[Black "Prenzler, Daniel"]
[Result "0-1"]
[WhiteElo "2074"]
[BlackElo "2190"]
[PlyCount "56"]
[EventDate "2010.01.??"]
[EventType "swiss"]
[EventRounds "9"]
[EventCountry "GER"]
[SourceDate "2005.10.24"]

1. d4 Nf6 2. Nf3 c5 3. e3 e6 4. Bd3 b6 5. O-O Be7 6. c3 Ba6 7. e4 Bxd3 8. Qxd3
O-O 9. d5 Qc7 10. Na3 a6 11. Bg5 d6 12. c4 Nbd7 13. Rad1 e5 14. Rb1 Rfe8 15.
Nc2 b5 16. Bxf6 Nxf6 17. Ne3 b4 18. Nd2 Nh5 19. g3 Bg5 20. Qe2 Nf6 21. f4 exf4
22. gxf4 Nxe4 23. Nxe4 Rxe4 24. fxg5 Rae8 25. Rf3 Qe7 26. Re1 Qxg5+ 27. Rg3 Qe5
28. Qf3 f5 0-1

[Event "Niedersachsen-ch"]
[Site "Verden"]
[Date "2010.01.02"]
[Round "2.6"]
[White "Neumair, Jerome"]
[Black "Kaphle, Sebastian"]
[Result "1/2-1/2"]
[WhiteElo "2013"]
[BlackElo "2152"]
[PlyCount "53"]
[EventDate "2010.01.??"]
[EventType "swiss"]
[EventRounds "9"]
[EventCountry "GER"]
[SourceDate "2005.10.24"]

1. d4 Nf6 2. c4 c5 3. d5 e6 4. Nc3 exd5 5. cxd5 d6 6. e4 g6 7. f4 Bg7 8. Bb5+
Nfd7 9. a4 Na6 10. Nf3 Nb4 11. O-O a6 12. Bxd7+ Bxd7 13. f5 O-O 14. Bg5 f6 15.
Bf4 gxf5 16. Bxd6 Re8 17. Bxc5 fxe4 18. Nd4 f5 19. Bxb4 Qb6 20. Nce2 Qxb4 21.
Nxf5 Bxf5 22. Rxf5 Rad8 23. Kh1 e3 24. Qd3 Qxb2 25. Rd1 Rd6 26. Rf3 Qe5 27. Qb3
1/2-1/2

[Event "Niedersachsen-ch"]
[Site "Verden"]
[Date "2010.01.02"]
[Round "2.7"]
[White "Kuberczyk, Christoph"]
[Black "Mueller, Fabian"]
[Result "0-1"]
[WhiteElo "1923"]
[BlackElo "2331"]
[PlyCount "108"]
[EventDate "2010.01.??"]
[EventType "swiss"]
[EventRounds "9"]
[EventCountry "GER"]
[SourceDate "2005.10.24"]

1. e4 c5 2. Nf3 e6 3. d4 cxd4 4. Nxd4 Nc6 5. Nc3 d6 6. Be2 Nf6 7. O-O Be7 8.
Be3 O-O 9. f4 Re8 10. Kh1 Bf8 11. Nxc6 bxc6 12. Bd3 e5 13. Qf3 Ng4 14. Bg1 exf4
15. Qxf4 Ne5 16. Bd4 Qc7 17. Rae1 g6 18. Bxe5 Rxe5 19. Bc4 Be6 20. Bxe6 Rxe6
21. Rf3 Bg7 22. Qh4 Qe7 23. Qf2 Bxc3 24. Rxc3 d5 25. e5 Re8 26. h3 Rxe5 27.
Rxe5 Qxe5 28. Rxc6 Qxb2 29. Rc7 Qa1+ 30. Kh2 Qe5+ 31. Qg3 Qxg3+ 32. Kxg3 Re3+
33. Kf4 Re4+ 34. Kf3 Ra4 35. Ke3 Kg7 36. Rc5 d4+ 37. Kd3 Kf6 38. Rd5 Rxa2 39.
Rxd4 Ra3+ 40. Ke2 Rc3 41. Rf4+ Ke6 42. Re4+ Kd6 43. Kd2 Rg3 44. Re2 f5 45. Kc1
f4 46. Re4 g5 47. h4 h6 48. hxg5 hxg5 49. Ra4 Rxg2 50. Rxa7 f3 51. Rf7 g4 52.
Kd1 f2 53. Ke2 g3 54. Rf3 Rg1 0-1

[Event "Niedersachsen-ch"]
[Site "Verden"]
[Date "2010.01.02"]
[Round "2.8"]
[White "Tonndorf, Matthias"]
[Black "Woellermann, Jan"]
[Result "0-1"]
[WhiteElo "2199"]
[BlackElo "2080"]
[PlyCount "64"]
[EventDate "2010.01.??"]
[EventType "swiss"]
[EventRounds "9"]
[EventCountry "GER"]
[SourceDate "2005.10.24"]

1. e4 c5 2. Nf3 e6 3. d4 cxd4 4. Nxd4 Nc6 5. Nc3 Qc7 6. g3 a6 7. Bg2 d6 8. O-O
Bd7 9. Re1 Be7 10. Nxc6 Bxc6 11. Qg4 h5 12. Qe2 h4 13. Bf4 e5 14. Be3 hxg3 15.
hxg3 Nf6 16. Nd5 Nxd5 17. exd5 Bb5 18. Qd2 Kf8 19. Rac1 Qc8 20. c4 Bd7 21. c5
Qe8 22. Qb4 f5 23. cxd6 Bf6 24. b3 Qh5 25. a4 f4 26. Bxf4 exf4 27. Qxf4 Qh2+
28. Kf1 Bh3 29. Bxh3 Qxh3+ 30. Ke2 Qh5+ 31. Kf1 Qh1+ 32. Ke2 Re8+ 0-1

[Event "Niedersachsen-ch"]
[Site "Verden"]
[Date "2010.01.02"]
[Round "2.9"]
[White "Markgraf, Stefan"]
[Black "Frank, Christian"]
[Result "1/2-1/2"]
[WhiteElo "2128"]
[BlackElo "1987"]
[PlyCount "39"]
[EventDate "2010.01.??"]
[EventType "swiss"]
[EventRounds "9"]
[EventCountry "GER"]
[SourceDate "2005.10.24"]

1. e4 c5 2. c4 Nc6 3. Nc3 g6 4. Nge2 Bg7 5. d3 d6 6. g3 e5 7. Bg2 Nge7 8. O-O
O-O 9. Rb1 Bd7 10. h3 Qc8 11. Kh2 h6 12. a3 a6 13. Nd5 Nxd5 14. exd5 Nd4 15.
Nxd4 exd4 16. Bf4 Qc7 17. h4 Rae8 18. Re1 h5 19. Qd2 Bg4 20. Rxe8 1/2-1/2

[Event "Niedersachsen-ch"]
[Site "Verden"]
[Date "2010.01.02"]
[Round "2.10"]
[White "Helmer, Christoph"]
[Black "Dan, Efim"]
[Result "1-0"]
[WhiteElo "1897"]
[BlackElo "2122"]
[PlyCount "65"]
[EventDate "2010.01.??"]
[EventType "swiss"]
[EventRounds "9"]
[EventCountry "GER"]
[SourceDate "2005.10.24"]

1. d4 Nf6 2. c4 g6 3. Nc3 Bg7 4. e4 d6 5. Nf3 O-O 6. Be2 Nc6 7. O-O Bg4 8. Be3
Nd7 9. d5 Bxf3 10. Bxf3 Na5 11. Be2 Nb6 12. Bd4 Nbxc4 13. Bxc4 Nxc4 14. Bxg7
Kxg7 15. Qd4+ Ne5 16. f4 f6 17. fxe5 fxe5 18. Qe3 Rf6 19. Rxf6 exf6 20. Rf1 Qe7
21. Rf3 a6 22. Rh3 Rf8 23. Ne2 f5 24. exf5 gxf5 25. Nd4 Kh8 26. Ne6 Rg8 27. Rh5
c6 28. Rxf5 cxd5 29. Ng5 e4 30. Qd2 Rg7 31. h4 Kg8 32. Qc2 h6 33. Qc8+ 1-0

[Event "Niedersachsen-ch"]
[Site "Verden"]
[Date "2010.01.03"]
[Round "3.1"]
[White "Lubbe, Nikolas"]
[Black "Mueer, Sebastian"]
[Result "0-1"]
[WhiteElo "2349"]
[BlackElo "2084"]
[PlyCount "82"]
[EventDate "2010.01.??"]
[EventType "swiss"]
[EventRounds "9"]
[EventCountry "GER"]
[SourceDate "2005.10.24"]

1. d4 d6 2. e4 g6 3. Nc3 Bg7 4. Bg5 h6 5. Bh4 Nd7 6. Bc4 c5 7. dxc5 Nxc5 8.
Nge2 Bd7 9. O-O Nf6 10. b4 Be6 11. Bb5+ Ncd7 12. f3 Rc8 13. Bf2 a6 14. Ba4 O-O
15. Nd5 Bxd5 16. exd5 Nb6 17. Bb3 Nfxd5 18. Bxd5 Bxa1 19. Bxb7 Rb8 20. Bxa6 Bf6
21. c3 Qc7 22. Qb3 e6 23. a4 d5 24. a5 Nd7 25. Rb1 Ra8 26. Bb5 Rfb8 27. Qa4 Ne5
28. a6 Nc4 29. Bc6 Nb6 30. Qb5 Nc4 31. Bb7 Na3 32. Qd3 Nxb1 33. Bxa8 Rxa8 34.
b5 Nxc3 35. Nxc3 Qxc3 36. Qxc3 Bxc3 37. a7 Ba5 38. b6 Bxb6 39. Bxb6 Kf8 40. Kf2
Ke7 41. Ke3 Kd6 0-1

[Event "Niedersachsen-ch"]
[Site "Verden"]
[Date "2010.01.03"]
[Round "3.2"]
[White "Lick, Patrick"]
[Black "Plischki, Sebastian"]
[Result "1/2-1/2"]
[WhiteElo "2038"]
[BlackElo "2347"]
[PlyCount "77"]
[EventDate "2010.01.??"]
[EventType "swiss"]
[EventRounds "9"]
[EventCountry "GER"]
[SourceDate "2005.10.24"]

1. d4 d5 2. c4 c6 3. Nc3 Nf6 4. Nf3 a6 5. cxd5 cxd5 6. Bg5 Ne4 7. Bf4 Nc6 8. e3
Nxc3 9. bxc3 g6 10. Bd3 Bg7 11. O-O O-O 12. c4 dxc4 13. Bxc4 Bf5 14. Rc1 Rc8
15. Bb3 Na5 16. Bc2 Bxc2 17. Rxc2 Qd7 18. Nd2 Rxc2 19. Qxc2 Rc8 20. Qb2 b5 21.
Qa3 Nc4 22. Nxc4 bxc4 23. Qxa6 c3 24. Rc1 c2 25. g3 h6 26. h4 Kh7 27. h5 g5 28.
Rxc2 Rxc2 29. Qd3+ Kg8 30. Qxc2 gxf4 31. gxf4 Qg4+ 32. Kf1 Qxh5 33. a4 e6 34.
Qc6 Bf8 35. Qa8 Qd5 36. Qxd5 exd5 37. a5 Bd6 38. a6 Bb8 39. f3 1/2-1/2

[Event "Niedersachsen-ch"]
[Site "Verden"]
[Date "2010.01.03"]
[Round "3.3"]
[White "Prenzler, Daniel"]
[Black "Laubsch, Bernd"]
[Result "1/2-1/2"]
[WhiteElo "2190"]
[BlackElo "2299"]
[PlyCount "73"]
[EventDate "2010.01.??"]
[EventType "swiss"]
[EventRounds "9"]
[EventCountry "GER"]
[SourceDate "2005.10.24"]

1. e4 c5 2. Nf3 e6 3. d4 cxd4 4. Bg5 Qc7 5. c3 h6 6. Bh4 Qb6 7. Qd2 dxc3 8.
Nxc3 Nc6 9. Be2 Nge7 10. O-O Ng6 11. Bg3 a6 12. h4 Be7 13. h5 Nf8 14. e5 Nh7
15. Ne4 Qb4 16. Qe3 Qxb2 17. Rfb1 Qa3 18. Qf4 f5 19. Nd6+ Bxd6 20. exd6 Nf6 21.
Nh4 Ne4 22. Rb3 Qc5 23. Ng6 Nd4 24. Re3 Rg8 25. Qh4 Nf6 26. Be5 Nc6 27. Rc3 Qa5
28. Bxf6 gxf6 29. Qxf6 Qd8 30. Ne7 Nxe7 31. dxe7 Qxe7 32. Qxh6 Qg7 33. Qxg7
Rxg7 34. Rac1 Kd8 35. Rc7 Rb8 36. a4 b6 37. Ra7 1/2-1/2

[Event "Niedersachsen-ch"]
[Site "Verden"]
[Date "2010.01.03"]
[Round "3.4"]
[White "Mueller, Fabian"]
[Black "Neumair, Jerome"]
[Result "1-0"]
[WhiteElo "2331"]
[BlackElo "2013"]
[PlyCount "93"]
[EventDate "2010.01.??"]
[EventType "swiss"]
[EventRounds "9"]
[EventCountry "GER"]
[SourceDate "2005.10.24"]

1. d4 d5 2. c4 e6 3. Nc3 c6 4. Nf3 dxc4 5. e4 b5 6. Be2 Bb7 7. O-O Nf6 8. e5
Nd5 9. Ne4 h6 10. Bd2 Be7 11. b3 cxb3 12. Qxb3 a5 13. a4 b4 14. Ne1 O-O 15. Qg3
Kh8 16. Qh3 f5 17. exf6 Nxf6 18. Nxf6 Rxf6 19. Nf3 Ba6 20. Rfe1 Qd5 {(=)} 21.
Bxa6 Rxa6 22. Re5 Qd7 23. Rae1 c5 24. d5 c4 25. dxe6 Qc7 26. Bg5 Rg6 27. Bxe7
Qxe7 28. Nh4 Rf6 29. Nf5 Qe8 30. Qg3 Rg6 31. Qe3 c3 32. e7 c2 33. Qd3 Nd7 34.
R5e2 Rge6 35. Qxc2 Rac6 36. Qb2 Rf6 37. Nd4 Rcd6 38. Nb5 Rc6 39. Qd4 Rc8 40.
Nd6 Rxd6 41. Qxd6 Nf6 42. Qa6 Rc5 43. Rd2 Nd5 44. g3 Nxe7 45. Rde2 Qxa4 46.
Rxe7 Rc6 47. Re8+ 1-0

[Event "Niedersachsen-ch"]
[Site "Verden"]
[Date "2010.01.03"]
[Round "3.5"]
[White "Schulz, Jens"]
[Black "Hantak, Adam"]
[Result "1/2-1/2"]
[WhiteElo "2131"]
[BlackElo "2161"]
[PlyCount "37"]
[EventDate "2010.01.??"]
[EventType "swiss"]
[EventRounds "9"]
[EventCountry "GER"]
[SourceDate "2005.10.24"]

1. e4 e6 2. d4 d5 3. Nc3 dxe4 4. Nxe4 Nd7 5. Nf3 Ngf6 6. Nxf6+ Nxf6 7. Bd3 Be7
8. O-O O-O 9. c4 b6 10. b3 Bb7 11. Bb2 Bd6 12. Qe2 Qe7 13. Rad1 Rfd8 14. Bb1
Rac8 15. Rfe1 Bb4 16. Rf1 Bd6 17. Rfe1 Bb4 {(=)} 18. Nd2 Rd7 19. h3 1/2-1/2